| 000 | 01052nam a2200241Ia 4500 | ||
|---|---|---|---|
| 003 | Ost | ||
| 005 | 20260507075803.0 | ||
| 008 | 260507s9999||||xx |||||||||||||| ||und|| | ||
| 020 | _a9789773792259 | ||
| 040 | _cfsecg | ||
| 041 | _aara | ||
| 082 | _a338.86 | ||
| 100 |
_aالأرياني، محمود صالح قائد _eمؤلف |
||
| 245 | 0 |
_aإندماج الشركات كظاهرة مستحدثة : _bدراسة مقارنة / _c محمود صالح قائد الأرياني |
|
| 260 |
_aالاسكندرية : _bدار الفكر الجامعي, _c2013 |
||
| 300 |
_a238 صفحة؛ _bإيضاحات ؛ _c23 سم |
||
| 504 | _aبيبليوغرافيا: ص ص.221-231 | ||
| 520 | _aيضم تعريف الإندماج وصوره وتقديره، الطبيعة القانونية لاندماج الشركات، القواعد القانونية للإندماج آثار الاندماج. | ||
| 653 | _aالشركات | ||
| 653 | _aالشركات- اندماج | ||
| 653 | _aالشركات- تنظيم وإدارة | ||
| 942 | _cكتاب | ||
| 999 |
_c46347 _d46347 |
||